Estudio económico de América Latina y el Caribe : 2003-2004 /

Guardado en:
Detalles Bibliográficos
Autor corporativo: Comisión Económica para América Latina y el Caribe
Formato: Libro
Idioma:Español
Publicado: Santiago, Chile : Comisión Económica para América Latina y el Caribe, 2002, c2002
Colección:(Informes Periódicos Institucionales)
(Documento Informativo)
Temas:
Etiquetas: Agrega una etiqueta
Sin etiquetas, Sé el primero en etiquetar este registro!

MARC

LEADER 00000nam^a2200000^a^4500
001 000173817
005 20250521000000.0
009 20260310101508.693
037 |a Acervo ITESO - Biblioteca 
041 |a ESP 
082 |a 330. 980003  |b COM EST 2003 
110 |a Comisión Económica para América Latina y el Caribe 
240 1 1 |a [Informes periódicos institucionales de la CEPAL] 
240 1 1 |a [Estudio económico de América Latina y el Caribe] 
245 1 0 |a Estudio económico de América Latina y el Caribe :  |b 2003-2004 /  |c Comisión Económica para América Latina y el Caribe. 
264 4 |a Santiago, Chile :  |b Comisión Económica para América Latina y el Caribe,  |c 2002, c2002 
300 |a 167 p. 
336 |a texto  |b txt  |2 rdacontenido 
337 |a sin mediación  |b n  |2 rdamedio 
338 |a volumen  |b nc  |2 rdasoporte 
440 1 |a (Informes Periódicos Institucionales) 
440 1 |a (Documento Informativo) 
649 |a XX 
650 |a Comisión Económica para América Latina y el Caribe -  |x Informes 
650 |a Desarrollo Económico-Social -  |z Latinoamérica -  |x Informes 
650 |a Política Económica -  |z Latinoamérica -  |x Informes 
650 |a Economía -  |z Latinoamérica -  |x Anuarios 
650 |a Economía -  |z Latinoamérica -  |x Estadísticas 
650 |a Economía -  |z Latinoamérica -  |x Historia -  |y 2000-2009 
650 |a Economía -  |z Latinoamérica -  |x Historia -  |y Siglo XXI 
650 |a Latinoamérica -  |x Condiciones Económicas 
910 |a Fondo General 
920 |a Impresos - Libros 
930 |a Obras de Referencia 
905 |a 102 
901 |a 0500111337  |b IT2  |c REF  |u 20250521 
901 |a 0500111331  |b IT2  |c REF  |u 20250521 
902 |a https://opac.biblio.iteso.mx/vufind/Record/000173817